Affaires de Rome : (Record no. 191584)

MARC details
000 -LEADER
campo de control de longitud fija 00788nam a2200229 i 4500
001 - NÚMERO DE CONTROL
campo de control 191584
003 - IDENTIFICADOR DE NÚMERO DE CONTROL
campo de control ES-MaACL
005 - FECHA Y HORA DE LA ÚLTIMA TRANSACCIÓN
campo de control 20240209063126.0
008 - DATOS DE LONGITUD FIJA--INFORMACIÓN GENERAL
campo de control de longitud fija 220930q1836 fr 000|0 fre d
040 ## - FUENTE DE CATALOGACIÓN
Centro catalogador/agencia de origen CU-SB.
Centro/agencia transcriptor CU-SB.
Centro/agencia modificador UNAV
100 1# - ENTRADA PRINCIPAL--NOMBRE DE PERSONA
Nombre de persona Lamennais, Félicité.
9 (RLIN) 69843
245 10 - MENCIÓN DEL TÍTULO
Título Affaires de Rome :
Resto del título des maux de l'église et de la société. /
Mención de responsabilidad, etc. Félicité Lamennais.
250 ## - MENCION DE EDICION
Mención de edición Nouvelle éd.
260 ## - PUBLICACIÓN, DISTRIBUCIÓN, ETC.
Lugar de publicación, distribución, etc. Paris :
Nombre del editor, distribuidor, etc. Garnier,
Fecha de publicación, distribución, etc. [1836?]
300 ## - DESCRIPCIÓN FÍSICA
Extensión 393 p. ;
Dimensiones 18 cm.
490 1# - MENCIÓN DE SERIE
Mención de serie Oeuvres de F. Lamennais
546 ## - NOTA DE IDIOMA
Nota de lengua/lenguaje French.
830 1# - PUNTO DE ACCESO ADICIONAL DE SERIE-TÍTULO UNIFORME
Título uniforme Oeuvres de F. Lamennais
9 (RLIN) 226047
852 4# - LOCALIZACIÓN
Ubicación ES-MaACL
itemnumber 198868
Número de control de estantería D-3217
Signatura antigua Olim : 175-D-98
Nota libre Revisado y localizado enero 2024
-- Falta: recuento 1986, agosto 2022
Ubicación en estantería Sala Valle Inclán
942 ## - ELEMENTOS DE ENTRADA SECUNDARIOS (KOHA)
Fuente del sistema de clasificación o colocación Clasificación decimal universal
Holdings
Estatus retirado Estado de pérdida Fuente del sistema de clasificación o colocación Estado de daño No para préstamo Colección Biblioteca de origen Biblioteca actual Ubicación en estantería Fecha de adquisición Total de préstamos Signatura topográfica completa Código de barras Visto por última vez Precio de reemplazo Tipo de ítem Koha
    Clasificación decimal universal     Libros del s. XIX Biblioteca del Ateneo de Madrid Biblioteca del Ateneo de Madrid Sala Valle Inclán 30/09/2022   D-3217 901204021 23/02/2023 23/02/2023 Libro impreso antiguo